000 00282nam a2200109Ia 4500
008 200302s9999 xx 000 0 und d
100 _aAlxexandr Tzonis
245 _aSantiago Calatrava the Poetics of Movement
260 _bThames and Hudson Ltd.
260 _c2002
300 _a239 P.,
999 _c1976
_d1976